| 000 | 00605nam a2200205Ii 4500 | ||
|---|---|---|---|
| 001 | 23061 | ||
| 003 | CO-ViMGA | ||
| 008 | 241108s9999||||xx |||||||||||||| ||und|| | ||
| 040 |
_aCO-ViMGA _bspa _erda _cCO-ViMGA |
||
| 041 | 0 | _aspa | |
| 084 | _aC AND2pa | ||
| 100 | 1 |
_aAndersen, Hans Christian, _d1805-1875 _92378 |
|
| 245 | 1 | 0 | _aEl patito feo |
| 264 | 1 | _aBogotá, Colombia : Instituto Nacional para Ciegos, 2019 | |
| 300 | _avolumen | ||
| 336 |
_atext _btxt _2rdacontent |
||
| 337 |
_aunmediated _bn _2rdamedia |
||
| 338 |
_avolume _bnc _2rdacarrier |
||
| 940 | _aidficha_siabuc: 22048. -- ficha_no_siabuc:23061 | ||
| 999 |
_c39190 _d39190 |
||